Normal view MARC view
  • KALTHUR, SNEHA AND LC, PRASANNA

Entry Personal Name

Number of records used in: 1

001 - CONTROL NUMBER

  • control field: 8142

003 - CONTROL NUMBER IDENTIFIER

  • control field: JRU

005 - DATE AND TIME OF LATEST TRANSACTION

  • control field: 20230821115617.0

008 - FIXED-LENGTH DATA ELEMENTS

  • fixed length control field: 230821|| aca||aabn | a|a d

040 ## - CATALOGING SOURCE

  • Original cataloging agency: JRU
  • Transcribing agency: JRU

100 ## - HEADING--PERSONAL NAME

  • Personal name: KALTHUR, SNEHA AND LC, PRASANNA

670 ## - SOURCE DATA FOUND

  • Source citation: Work cat.: (JRU)8402: KALTHUR, SNEHA AND LC, PRASANNA, DEFIORE'S ATLAS OF HISTOLOGY : WITH FUNCTIONAL CORRELATION, 2022